[Event "FIDE World Rapid Team"]
[Site "London ENG"]
[Date "2025.06.13"]
[Round "12.3"]
[White "Firouzja, Alireza"]
[Black "Abdusattorov, Nodirbek"]
[Result "0-1"]
[WhiteElo "2753"]
[BlackElo "2732"]
[EventDate "2025.06.11"]
[Board "1"]

1. e4 c5 2. Nf3 g6 3. d4 cxd4 4. Nxd4 Nc6 5. c4 Bg7 6. Be3 Qb6 7. Nb5 Qa5+
8. N5c3 d6 9. Be2 Qb4 10. Qc1 Bd4 11. Bf4 Nf6 12. Nd2 Bxc3 13. bxc3 Qa5 14.
Rb1 O-O 15. O-O Be6 16. c5 d5 17. e5 Ne4 18. Nxe4 dxe4 19. Qe3 Qxa2 20. Ra1
Qb3 21. h4 h5 22. Rfb1 Qc2 23. Rxb7 Rab8 24. Rc1 Qxc1+ 25. Qxc1 Rxb7 26.
Qa1 Rb3 27. Qa4 Rc8 28. Bb5 Nxe5 29. Bxe5 Rxc5 30. Qxa7 Rbxb5 31. Bd4 Rc8
32. Qxe7 Rf5 33. Qb7 Rd5 34. Qb1 Bf5 35. Qa2 Be6 36. Qe2 Bf5 37. Qe3 Rcd8
38. Kh2 Kh7 39. Qd2 Be6 40. Qb2 Rf5 41. Qb7 Rfd5 42. Bf6 Rc8 43. Qb4 Rf5
44. Bd4 Rf4 45. Qe7 Rf5 46. Qb7 Rf4 47. Qe7 Rf5 48. Kg3 Rg8 49. Be3 Rc8 50.
Qb4 Rc4 51. Qb2 Rd5 52. Bd4 Rf5 53. Qb7 Rd5 54. Qa7 Rc8 55. Kf4 Rf5+ 56.
Ke3 Re8 57. Qb7 Rc8 58. Qa7 Re8 59. Qb7 Bd5 60. Qd7 Ra8 61. Qe7 Bc4 62. Qc7
Bd3 63. Be5 Bf1 64. Qc6 Rd8 65. Qc7 Rd1 66. Qb8 f6 67. Qc7+ Kg8 68. Bd6
Bxg2 69. Qd8+ Kh7 70. Qe7+ Kg8 71. Qf8+ Kh7 72. Qf7+ Kh8 73. Qf8+ Kh7 74.
f4 Rd3+ 75. Kf2 Rd2+ 76. Ke1 Rxd6 77. Qxd6 e3 78. Qe7+ Kg8 79. c4 Bf3 80.
Qxe3 Bg4 81. Qe7 g5 82. fxg5 Re5+ 83. Qxe5 fxe5 84. Kf2 Kf7 0-1

[Event "FIDE World Rapid Team"]
[Site "London ENG"]
[Date "2025.06.13"]
[Round "12.3"]
[White "Sindarov, Javokhir"]
[Black "Vachier-Lagrave, Maxime"]
[Result "1/2-1/2"]
[WhiteElo "2668"]
[BlackElo "2735"]
[EventDate "2025.06.11"]
[Board "2"]

1. e4 c5 2. Nf3 d6 3. d4 cxd4 4. Nxd4 Nf6 5. Nc3 a6 6. f4 e5 7. Nb3 Qc7 8.
Be2 b5 9. O-O Nbd7 10. Be3 Bb7 11. a4 b4 12. Nd5 Nxd5 13. exd5 Be7 14. c4
bxc3 15. Rc1 O-O 16. bxc3 exf4 17. Bxf4 Bf6 18. c4 Nc5 19. Nxc5 Qxc5+ 20.
Kh1 Rae8 21. Bd3 Be5 22. Qc2 h6 23. Qd2 Bxf4 24. Qxf4 Bc8 25. Rf3 f5 26. h4
Bd7 27. Rcf1 Rf6 28. Qg3 Qd4 29. a5 Qc5 30. Qf2 Qxa5 31. g4 Qd8 32. g5 Rf7
33. gxh6 gxh6 34. Rg1+ Kh8 35. Rg6 Rf6 36. Rfg3 Re5 37. Qf4 Qf8 38. c5 Rxd5
39. Bc4 Rd1+ 40. Kh2 Bc6 41. Rg8+ Kh7 42. Rg2 Bxg2 43. Rxf8 Rg6 44. Rf7+
Kh8 45. Rf8+ Kh7 46. Rf7+ Kh8 47. Rf8+ 1/2-1/2

[Event "FIDE World Rapid Team"]
[Site "London ENG"]
[Date "2025.06.13"]
[Round "12.3"]
[White "Vokhidov, Shamsiddin"]
[Black "So, Wesley"]
[Result "0-1"]
[WhiteElo "2519"]
[BlackElo "2714"]
[EventDate "2025.06.11"]
[Board "4"]

1. e4 e5 2. Nf3 Nc6 3. Bb5 Nf6 4. O-O Nxe4 5. Re1 Nd6 6. Nxe5 Be7 7. Bf1
Nf5 8. Nf3 d5 9. d4 O-O 10. h3 a6 11. Bf4 Bd6 12. Qd2 Bxf4 13. Qxf4 Qd6 14.
Qxd6 Nxd6 15. c3 f6 16. Nbd2 Kf7 17. g3 Bd7 18. Bg2 Rfe8 19. Nh2 Rxe1+ 20.
Rxe1 Ne7 21. Nhf1 c6 22. Ne3 Nef5 23. Nxf5 Bxf5 24. g4 Bd7 25. f4 h5 26.
Bf3 a5 27. Kg2 hxg4 28. hxg4 a4 29. Kf2 Rh8 30. Kg3 f5 31. Re2 g6 32. a3
fxg4 33. Bxg4 Bf5 34. Bf3 Bd3 35. Rh2 Nf5+ 36. Kg2 Ne3+ 37. Kg3 Nf5+ 38.
Kg2 Ne3+ 39. Kg3 Rxh2 40. Kxh2 Kf6 41. Kh3 Kf5 42. Kg3 b5 43. b3 axb3 44.
Nxb3 Nf1+ 45. Kf2 Kxf4 46. Na5 Nd2 47. Bg2 Ne4+ 48. Bxe4 dxe4 49. Nxc6 e3+
50. Ke1 g5 51. Ne5 Be4 52. Ke2 g4 53. Nxg4 Bf3+ 0-1

[Event "FIDE World Rapid Team"]
[Site "London ENG"]
[Date "2025.06.13"]
[Round "12.3"]
[White "Kosteniuk, Alexandra"]
[Black "Tokhirjonova, Gulrukhbegim"]
[Result "1/2-1/2"]
[WhiteElo "2483"]
[BlackElo "2282"]
[EventDate "2025.06.11"]
[Board "5"]

1. d4 Nf6 2. c4 e6 3. Nc3 Bb4 4. e3 O-O 5. Bd3 d5 6. a3 dxc4 7. Bxc4 Bd6 8.
Nf3 Nc6 9. e4 e5 10. d5 Ne7 11. Qd3 a6 12. h4 b5 13. Ba2 Nh5 14. g3 Kh8 15.
b4 f5 16. Ng5 Nf6 17. Bd2 Qe8 18. Ne6 Bxe6 19. dxe6 Rd8 20. Qe2 Qc6 21. Rc1
fxe4 22. Nd5 Qb7 23. Nxe7 Bxe7 24. O-O Rd3 25. Bc3 Qb6 26. Bxe5 Bd6 27.
Bxd6 cxd6 28. e7 Rb8 29. Qc2 Rxg3+ 30. Kh2 Rf3 31. Qc8+ Ne8 32. Qe6 Nc7 33.
Rxc7 Rxf2+ 34. Rxf2 Qxf2+ 35. Kh1 Qf1+ 36. Kh2 Qf2+ 37. Kh1 Qf1+ 1/2-1/2

[Event "FIDE World Rapid Team"]
[Site "London ENG"]
[Date "2025.06.13"]
[Round "12.3"]
[White "Imomkuzieva, Nilufarkhon"]
[Black "Rosenstein, Wadim"]
[Result "1-0"]
[WhiteElo "1943"]
[BlackElo "1704"]
[EventDate "2025.06.11"]
[Board "6"]

1. e4 c5 2. Nf3 e6 3. d4 cxd4 4. Nxd4 Nf6 5. Nc3 Nc6 6. Ndb5 Bb4 7. a3
Bxc3+ 8. Nxc3 d5 9. exd5 exd5 10. Bd3 O-O 11. O-O Bg4 12. f3 Bh5 13. Bg5
Qb6+ 14. Kh1 Ne4 15. Nxe4 dxe4 16. Bxe4 Qxb2 17. Qb1 Qb6 18. Qxb6 axb6 19.
Rfb1 Bg6 20. Bxg6 hxg6 21. Rxb6 Nd4 22. c3 Nc2 23. Rc1 Nxa3 24. Rxb7 Rfe8
25. h4 Re2 26. c4 f6 27. Bf4 Ra4 28. Rd1 Nxc4 29. Rd8+ Kh7 30. Rbb8 g5 31.
h5 Ra1+ 32. Kh2 Rxg2+ 33. Kxg2 Ra2+ 34. Kh3 g4+ 35. fxg4 Ra3+ 36. Bg3 Kh6
37. Kh4 g5+ 38. hxg6 Kxg6 39. Rb7 Rf3 40. Rdd7 f5 41. g5 f4 42. Rg7+ Kf5
43. Rbf7+ Ke6 44. Rxf4 Rc3 45. Rc7 1-0

[Event "FIDE World Rapid Team"]
[Site "London ENG"]
[Date "2025.06.13"]
[Round "12.4"]
[White "Van Foreest, Jorden"]
[Black "Anand, Viswanathan"]
[Result "0-1"]
[WhiteElo "2640"]
[BlackElo "2719"]
[EventDate "2025.06.11"]
[Board "1"]

1. e4 e5 2. Nf3 Nc6 3. Bb5 a6 4. Ba4 Nf6 5. d3 b5 6. Bb3 Bc5 7. c3 d5 8.
exd5 Nxd5 9. O-O O-O 10. Nbd2 f6 11. a4 Ba7 12. Ne4 Kh8 13. Re1 Be6 14. h3
Bg8 15. Ng3 b4 16. Bd2 Rb8 17. Bc4 Na5 18. Ba2 c5 19. Ne4 bxc3 20. bxc3 c4
21. dxc4 Nc7 22. c5 Bxa2 23. Rxa2 Qd5 24. c4 Nxc4 25. Bc3 Rfd8 26. Qe2 Ne6
27. Nfd2 Ne3 28. Rb2 Rxb2 29. Bxb2 Nxg2 30. Rc1 Ngf4 31. Qxa6 Nxc5 32. Qc4
Qa8 33. Ba3 Ncd3 0-1

[Event "FIDE World Rapid Team"]
[Site "London ENG"]
[Date "2025.06.13"]
[Round "12.4"]
[White "Sevian, Samuel"]
[Black "Moussard, Jules"]
[Result "1/2-1/2"]
[WhiteElo "2636"]
[BlackElo "2609"]
[EventDate "2025.06.11"]
[Board "2"]

1. c4 e6 2. Nf3 d5 3. d4 Nf6 4. g3 Be7 5. Bg2 O-O 6. Qc2 c5 7. O-O cxd4 8.
Nxd4 Nc6 9. Nxc6 bxc6 10. Rd1 Qb6 11. Be3 Qa6 12. Bd4 Bb7 13. Nd2 c5 14.
Bxf6 Bxf6 15. cxd5 Bxd5 16. Ne4 Be7 17. Nxc5 1/2-1/2

[Event "FIDE World Rapid Team"]
[Site "London ENG"]
[Date "2025.06.13"]
[Round "12.4"]
[White "Dardha, Daniel"]
[Black "Le, Quang Liem"]
[Result "0-1"]
[WhiteElo "2582"]
[BlackElo "2645"]
[EventDate "2025.06.11"]
[Board "3"]

1. e4 e5 2. Nf3 Nc6 3. Bc4 Bc5 4. d3 Nf6 5. Nc3 O-O 6. O-O d6 7. a4 Be6 8.
Bxe6 fxe6 9. Ne2 a5 10. Ng3 Qe8 11. c3 Bb6 12. Re1 Ng4 13. Be3 Nxe3 14.
fxe3 Qg6 15. Kh1 Rf6 16. d4 Raf8 17. Rf1 h5 18. Qe2 Qg4 19. Nd2 Qxe2 20.
Nxe2 exd4 21. exd4 e5 22. d5 Nb8 23. Rxf6 Rxf6 24. Nf3 Na6 25. Ng3 g6 26.
Rb1 Rf4 27. b4 h4 28. bxa5 Bxa5 29. Rxb7 Bb6 30. a5 Bc5 31. Nf1 Rxe4 32. h3
Ra4 33. Rb1 Bf2 34. N1h2 e4 35. Ng5 e3 36. Ng4 Bg3 37. Ne4 e2 38. Nxg3 hxg3
39. Ne3 Nc5 40. Nc2 Nd3 0-1

[Event "FIDE World Rapid Team"]
[Site "London ENG"]
[Date "2025.06.13"]
[Round "12.4"]
[White "Martirosyan, Haik M."]
[Black "Maurizzi, Marc`andria"]
[Result "1-0"]
[WhiteElo "2610"]
[BlackElo "2472"]
[EventDate "2025.06.11"]
[Board "4"]

1. d4 Nf6 2. c4 e6 3. Nf3 b6 4. g3 Bb7 5. Bg2 Be7 6. O-O O-O 7. Nc3 Ne4 8.
Bd2 d6 9. d5 Nxd2 10. Nxd2 e5 11. b4 Nd7 12. Nb3 a5 13. bxa5 bxa5 14. a4 f5
15. Nb5 e4 16. Qd2 Bg5 17. e3 Bf6 18. Ra2 Ne5 19. Nxa5 Bc8 20. Nb3 Nxc4 21.
Qc2 Nb6 22. N3d4 Bd7 23. a5 Bxd4 24. Nxd4 Nxd5 25. Qc4 c6 26. Nxc6 Bxc6 27.
Qxc6 Rxa5 28. Rxa5 Qxa5 29. Qxd6 Qd8 30. Qc5 Ne7 31. Ra1 Ng6 32. h4 Qf6 33.
Ra5 Qe7 34. Qb5 Qd6 35. Bf1 Kh8 36. h5 Ne7 37. Ra6 Qb8 38. Rb6 Qc7 39. h6
gxh6 40. Rb7 Qd6 41. Qb2+ Rf6 42. Rd7 1-0

[Event "FIDE World Rapid Team"]
[Site "London ENG"]
[Date "2025.06.13"]
[Round "12.4"]
[White "Roebers, Eline"]
[Black "Muzychuk, Anna"]
[Result "1-0"]
[WhiteElo "2404"]
[BlackElo "2409"]
[EventDate "2025.06.11"]
[Board "5"]

1. e4 e5 2. Nc3 Nc6 3. g3 Bc5 4. Bg2 a5 5. Nge2 d6 6. d3 Nge7 7. O-O O-O 8.
h3 Be6 9. Kh2 d5 10. f4 dxe4 11. Nxe4 Bb6 12. fxe5 Nxe5 13. d4 N5g6 14. c3
Bd5 15. Qd3 f5 16. Ng5 Bxg2 17. Kxg2 h6 18. Nf3 c6 19. h4 Nd5 20. c4 Nb4
21. Qb3 Bc7 22. a3 Na6 23. c5+ Qd5 24. Qxd5+ cxd5 25. Nc3 Rad8 26. b4 axb4
27. axb4 Nxb4 28. Ra7 Nc6 29. Rxb7 Bb8 30. Re1 Rf7 31. Rb6 Nge7 32. Re6 Na5
33. Bf4 Bxf4 34. gxf4 Nc4 35. Ne5 Nxb6 36. cxb6 Rb8 37. Na4 g5 38. Nxf7
Kxf7 39. Rxh6 gxh4 40. Rh7+ Kf6 41. Nc5 Rg8+ 42. Kh2 Nc6 43. Rh6+ Rg6 44.
Rxg6+ Kxg6 45. b7 Nb8 46. Kh3 Kh5 47. Nd3 Nd7 48. Nb4 Nb8 49. Nxd5 Kg6 50.
Nb4 1-0

[Event "FIDE World Rapid Team"]
[Site "London ENG"]
[Date "2025.06.13"]
[Round "12.4"]
[White "Mani, Sarbartho"]
[Black "Phulpin, Theo"]
[Result "1-0"]
[WhiteElo "1871"]
[BlackElo "1754"]
[EventDate "2025.06.11"]
[Board "6"]

1. d4 f5 2. Nf3 Nf6 3. g3 g6 4. Bg2 Bg7 5. O-O O-O 6. c4 d6 7. Nc3 Qe8 8.
Re1 Qf7 9. b3 Ne4 10. Bb2 Nc6 11. e3 e5 12. d5 Nb8 13. Qc2 Nxc3 14. Bxc3 h6
15. Rad1 Nd7 16. a3 g5 17. Nd2 Nf6 18. Rf1 Qh5 19. Qd3 e4 20. Qc2 Ng4 21.
h3 Ne5 22. f4 Nd3 23. Bxg7 Kxg7 24. b4 Qg6 25. Kh2 Kh7 26. Rg1 a5 27. b5
Re8 28. Qc3 Qh5 29. Rdf1 Rg8 30. Nxe4 Nc5 31. Nf6+ Kg6 32. Nxh5 Kxh5 33.
Qf6 Nd3 34. Qf7+ Rg6 35. Bf3+ g4 36. hxg4+ fxg4 37. Be4 1-0

[Event "FIDE World Rapid Team"]
[Site "London ENG"]
[Date "2025.06.13"]
[Round "12.5"]
[White "Nogerbek, Kazybek"]
[Black "Keymer, Vincent"]
[Result "1-0"]
[WhiteElo "2531"]
[BlackElo "2649"]
[EventDate "2025.06.11"]
[Board "1"]

1. d4 Nf6 2. c4 e6 3. Nf3 b6 4. a3 Bb7 5. Nc3 d5 6. cxd5 Nxd5 7. Qc2 Nxc3
8. bxc3 c5 9. e4 Nc6 10. Bf4 Bd6 11. e5 Be7 12. dxc5 Bxc5 13. Bd3 Qc7 14.
O-O Ne7 15. Qe2 h6 16. h4 O-O 17. Nd4 Ng6 18. Qg4 Nxf4 19. Qxf4 Rfd8 20.
Rfe1 Rac8 21. Re3 Bxd4 22. cxd4 f5 23. Rd1 Kh8 24. Be2 Qc2 25. h5 Rc3 26.
Rxc3 Qxc3 27. Qe3 Rc8 28. Bf3 Qc2 29. Qd2 Bxf3 30. Qxc2 Rxc2 31. gxf3 Kg8
32. d5 Kf7 33. d6 Ke8 34. Rd4 a5 35. a4 Kd8 36. f4 Rc3 37. Kf1 Rh3 38. Rc4
Rxh5 39. Rc7 Rh1+ 40. Ke2 Rh4 41. Rxg7 Rxf4 42. f3 Rxa4 43. Re7 Ra2+ 44.
Ke3 Ra3+ 45. Kf4 Ra4+ 46. Kg3 Rd4 47. Rxe6 a4 48. Rxh6 b5 49. Rh8+ Kd7 50.
Ra8 Kc6 51. f4 Kb7 52. Ra5 Kb6 53. Ra8 Kc6 54. Kh4 Rxf4+ 55. Kg5 Rd4 56.
Kxf5 Kb7 57. Ra5 Kb6 58. Ra8 Kb7 59. e6 Rd5+ 60. Kf4 Rd4+ 61. Ke5 Rd1 62.
e7 Re1+ 63. Kd4 Kxa8 64. d7 Rd1+ 65. Kc5 Rc1+ 66. Kb6 1-0

[Event "FIDE World Rapid Team"]
[Site "London ENG"]
[Date "2025.06.13"]
[Round "12.5"]
[White "Bluebaum, Matthias"]
[Black "Makhnev, Denis"]
[Result "1/2-1/2"]
[WhiteElo "2596"]
[BlackElo "2531"]
[EventDate "2025.06.11"]
[Board "2"]

1. d4 Nf6 2. c4 e6 3. Nc3 Bb4 4. e3 O-O 5. Bd2 d5 6. Nf3 b6 7. cxd5 exd5 8.
Rc1 Be7 9. Bd3 c5 10. Ne5 Bb7 11. O-O Nc6 12. a3 Bd6 13. Ng4 Be7 14. Ne5
Bd6 15. Ng4 Be7 16. Nxf6+ Bxf6 17. Qh5 g6 18. Qxd5 cxd4 19. exd4 Bxd4 20.
Be4 Na5 21. Qxd8 Rfxd8 22. Bxb7 Nxb7 23. Bg5 f6 24. Be3 Nc5 25. Bxd4 Rxd4
26. Nb5 Rd7 27. b4 Nd3 28. Rc6 Kf7 29. Nd6+ Kg7 30. Nc4 Rad8 31. g3 Rd4 32.
Rc7+ 1/2-1/2

[Event "FIDE World Rapid Team"]
[Site "London ENG"]
[Date "2025.06.13"]
[Round "12.5"]
[White "Agmanov, Zhandos"]
[Black "Svane, Rasmus"]
[Result "0-1"]
[WhiteElo "2388"]
[BlackElo "2616"]
[EventDate "2025.06.11"]
[Board "3"]

1. e4 e5 2. Nf3 Nc6 3. Bb5 Nf6 4. d3 Bc5 5. O-O Nd4 6. Nxd4 Bxd4 7. Ba4 c6
8. c3 Bb6 9. Bc2 d5 10. exd5 Qxd5 11. Nd2 Bg4 12. Qe1 O-O 13. Nc4 Rfe8 14.
Nxb6 axb6 15. Qe3 c5 16. Qg3 Bf5 17. Bg5 Qc6 18. Rfe1 Nd7 19. Bb3 h6 20.
Be3 Rad8 21. Rad1 b5 22. a3 b6 23. c4 Kf8 24. Bc1 Re7 25. h3 Rde8 26. Re3
Nf6 27. Qh4 bxc4 28. dxc4 Bg6 29. Rde1 Kg8 30. Bd2 Nh7 31. f4 e4 32. Bc3 f5
33. Rg3 Nf8 34. Rge3 Ne6 35. Rd1 Kh7 36. Ree1 Rd7 37. Rd5 Nd4 38. Rxd7 Qxd7
39. Bd1 Qe6 40. Re3 Qxc4 41. Qe1 Rd8 42. Kh2 Qd5 43. Rg3 Ne6 44. Bc2 Nxf4
45. Qf2 Nd3 46. Bxd3 exd3 47. Qd2 Qd6 48. b4 c4 49. a4 Re8 50. a5 Re2 51.
Qd1 f4 52. Rf3 Be4 53. Qf1 Bxf3 54. Qxf3 d2 55. Bxd2 Rxd2 56. a6 Ra2 57. b5
Qg6 58. Qf1 c3 59. a7 Rxa7 60. Qxf4 Ra2 61. Qf1 Qxg2+ 0-1

[Event "FIDE World Rapid Team"]
[Site "London ENG"]
[Date "2025.06.13"]
[Round "12.5"]
[White "Kollars, Dmitrij"]
[Black "Mamedov, Edgar"]
[Result "1-0"]
[WhiteElo "2553"]
[BlackElo "2324"]
[EventDate "2025.06.11"]
[Board "4"]

1. e4 e5 2. Nf3 Nc6 3. Bb5 a6 4. Ba4 Nf6 5. O-O Be7 6. Re1 b5 7. Bb3 O-O 8.
a4 Bb7 9. d3 d6 10. Bd2 Qd7 11. h3 Nd8 12. axb5 axb5 13. Rxa8 Bxa8 14. Nc3
Ne6 15. Ne2 c5 16. Ng3 Rc8 17. c4 b4 18. Ba4 Bc6 19. Bxc6 Qxc6 20. Nf5 Bf8
21. Ne3 Nf4 22. Qb3 Ra8 23. g3 Ne6 24. Nd5 Nd7 25. Be3 Qa4 26. Nd2 Nb8 27.
Qxa4 Rxa4 28. Nb3 Ra2 29. Rb1 Nc6 30. f4 f6 31. Kf2 Kf7 32. Ke2 exf4 33.
gxf4 g6 34. f5 gxf5 35. exf5 Ng7 36. d4 Nxf5 37. dxc5 Nxe3 38. Kxe3 dxc5
39. Ke4 Ra8 40. Rf1 Re8+ 41. Kd3 Ne5+ 42. Kc2 Nxc4 43. Rxf6+ Kg7 44. Rf3
Bd6 45. Nc1 Ne5 46. Rf6 Nf7 47. Rf1 Re6 48. b3 Rg6 49. Ne3 Nh6 50. Nd3 Rg3
51. Nc4 Be7 52. Nf4 Kg8 53. Nd5 Bg5 54. Nd6 Kg7 55. Ne4 Rg2+ 56. Kd3 Nf7
57. Kc4 Ne5+ 58. Kxc5 Bd8 59. Kxb4 Re2 60. Nc5 Bh4 61. Ne6+ Kh6 62. Kc5
Nd3+ 63. Kd6 Bg3+ 64. Ke7 Bh4+ 65. Kd6 Bg3+ 66. Kd7 Ne5+ 67. Kc8 Ng6 68.
Nd4 Rd2 69. Ne3 Bf4 70. Ng4+ Kh5 71. Nf6+ Kh4 72. Nf3+ Kxh3 73. Nxd2 Bxd2
74. Nxh7 Ne5 75. Nf6 Nc6 76. Ne4 Bb4 77. Rf4 Kg2 78. Rf2+ Kh3 79. Rf6 Na5
80. Rb6 Bf8 81. Kc7 1-0

[Event "FIDE World Rapid Team"]
[Site "London ENG"]
[Date "2025.06.13"]
[Round "12.5"]
[White "Kairbekova, Amina"]
[Black "Wagner, Dinara"]
[Result "0-1"]
[WhiteElo "2280"]
[BlackElo "2372"]
[EventDate "2025.06.11"]
[Board "5"]

1. e4 c5 2. Nf3 d6 3. d4 cxd4 4. Nxd4 Nf6 5. Nc3 a6 6. h3 e6 7. g4 h6 8.
Bg2 g5 9. Qe2 Nbd7 10. Be3 Ne5 11. O-O-O Qc7 12. Kb1 b5 13. a3 Bb7 14. h4
Rg8 15. hxg5 hxg5 16. f3 Nc4 17. Na2 Nxe3 18. Qxe3 Nd7 19. Rh7 Be7 20. Bf1
Ne5 21. Bd3 Qc5 22. Be2 Nc6 23. c3 Ne5 24. Rdh1 O-O-O 25. Nb4 Qb6 26. Nd3
Rgf8 27. Qc1 Nc6 28. Nxc6 Bxc6 29. Nb4 Bb7 30. c4 Kb8 31. cxb5 axb5 32. Qd2
Bf6 33. Qd3 d5 34. exd5 Bxd5 35. Ka1 Bc4 36. Qc2 Qe3 37. Nc6+ Kc7 38. Bxc4
Rd2 39. Qb3 Qxb3 40. Bxb3 Rxb2 41. Bxe6 Kxc6 42. Bf5 Rb3+ 43. Ka2 Rb2+ 44.
Ka1 Be5 45. Be4+ Kb6 46. Rc1 Rb3+ 47. Ka2 Rb2+ 48. Ka1 Rb3+ 49. Ka2 Rb2+
50. Ka1 Rd8 51. a4 Rdd2 52. Rh6+ f6 53. a5+ Kxa5 0-1

[Event "FIDE World Rapid Team"]
[Site "London ENG"]
[Date "2025.06.13"]
[Round "12.5"]
[White "Lobkin, Bohdan"]
[Black "Nurakyn, Suleiman"]
[Result "0-1"]
[WhiteElo "1902"]
[BlackElo "1880"]
[EventDate "2025.06.11"]
[Board "6"]

1. d4 Nf6 2. c4 g6 3. Nc3 Bg7 4. e4 d6 5. Be2 O-O 6. h4 c5 7. d5 e6 8. h5
exd5 9. exd5 Re8 10. h6 Bh8 11. Bg5 Qa5 12. Qd2 a6 13. Kf1 b5 14. cxb5 axb5
15. Bxb5 Ba6 16. Bxa6 Qxa6+ 17. Nge2 Ne4 18. Qe3 Bd4 19. Qxe4 Rxe4 20. Nxe4
Nd7 21. Be3 Bxe3 22. fxe3 Re8 23. Nc3 Nf6 24. Rh4 Rxe3 25. Ra4 Qc8 26. Rd1
Qe8 27. Rf4 Nh5 28. Rf2 Qe7 29. a4 Qg5 30. a5 Qh4 31. Kg1 Nf6 32. a6 Ng4
33. g3 Qd8 34. Rf4 Ne5 35. Kf2 Rd3 36. Ra1 g5 37. a7 Qa8 38. Nb5 gxf4 39.
Nc7 Ng4+ 40. Kg1 f3 41. Nc3 f2+ 42. Kg2 Qxa7 43. Rxa7 f5 44. Ne8 Rxg3+ 45.
Kxg3 f1=Q 46. Kh4 Qf4 47. Rg7+ Kf8 48. Rxh7 Nf6+ 49. Kh3 0-1

[Event "FIDE World Rapid Team"]
[Site "London ENG"]
[Date "2025.06.13"]
[Round "12.6"]
[White "Gelfand, Boris"]
[Black "Pichot, Alan"]
[Result "1-0"]
[WhiteElo "2622"]
[BlackElo "2564"]
[EventDate "2025.06.11"]
[Board "1"]

1. Nf3 Nf6 2. c4 e6 3. g3 d5 4. Bg2 Bd6 5. d4 O-O 6. O-O Nbd7 7. Qc2 c6 8.
Nbd2 Re8 9. Rd1 Qe7 10. Re1 Qf8 11. b3 e5 12. cxd5 Nxd5 13. Bb2 Qe7 14. e4
N5b6 15. Rad1 a5 16. a4 f6 17. Nf1 Bb4 18. Re2 exd4 19. Nxd4 Qc5 20. Qb1
Qh5 21. Ne3 Ne5 22. f3 Bd7 23. Qc2 Rad8 24. Rf1 Bc8 25. h4 Qf7 26. Kh2 Be6
27. Rd1 Rxd4 28. Rxd4 Bxb3 29. Qc1 Nxa4 30. f4 Nd7 31. Nf5 Bc5 32. Nd6 Bxd6
33. Rxd6 Qc4 34. Qd2 Ndb6 35. Ba1 Qb4 36. Rd8 Qxd2 37. Rexd2 Kf7 38. e5 Bd5
39. Rxe8 Kxe8 40. exf6 gxf6 41. Bxf6 Bxg2 42. Kxg2 Nd5 43. Ba1 b5 44. Kf3
Nc5 45. f5 Nb3 46. Re2+ Kf7 47. Be5 h5 48. g4 hxg4+ 49. Kxg4 Nc1 50. Rd2
Nb3 51. Rh2 c5 52. h5 1-0

[Event "FIDE World Rapid Team"]
[Site "London ENG"]
[Date "2025.06.13"]
[Round "12.6"]
[White "Ibarra Jerez, Jose Carlos"]
[Black "Rodshtein, Maxim"]
[Result "1-0"]
[WhiteElo "2541"]
[BlackElo "2603"]
[EventDate "2025.06.11"]
[Board "2"]

1. e4 c5 2. d4 cxd4 3. Qxd4 Nc6 4. Qd3 g6 5. Nc3 Bg7 6. Nf3 d6 7. Be2 Nf6
8. O-O O-O 9. Nd5 Nd7 10. c3 a5 11. a4 Nc5 12. Qc2 e6 13. Nf4 Qc7 14. Rb1
b6 15. Rd1 Bb7 16. Be3 Ne7 17. Nd2 e5 18. Bxc5 Qxc5 19. Nd3 Qc7 20. Ne1 d5
21. exd5 Nxd5 22. Qb3 Rad8 23. Nc4 e4 24. Nc2 Bh6 25. Rd4 Bg7 26. Rd2 Nf4
27. Bf1 Rxd2 28. Nxd2 Bd5 29. Bc4 Ba8 30. Ne3 Rd8 31. Ndf1 h5 32. Rd1 Nd3
33. Qb5 Bc6 34. Qg5 Bxa4 35. b3 Be8 36. Nd5 Qd6 37. Ng3 b5 38. Nxe4 bxc4
39. Nxd6 Rxd6 40. bxc4 Re6 41. Nc7 Re5 42. Qd8 Nb2 43. Nxe8 1-0

[Event "FIDE World Rapid Team"]
[Site "London ENG"]
[Date "2025.06.13"]
[Round "12.6"]
[White "Steinberg, Nitzan"]
[Black "Cuenca Jimenez, Jose Fernando"]
[Result "1/2-1/2"]
[WhiteElo "2516"]
[BlackElo "2459"]
[EventDate "2025.06.11"]
[Board "3"]

1. e4 c5 2. Nc3 Nc6 3. Nge2 Nd4 4. d3 g6 5. Nxd4 cxd4 6. Ne2 Bg7 7. c3 dxc3
8. Nxc3 e6 9. d4 Ne7 10. Be2 O-O 11. O-O d5 12. e5 f6 13. f4 Bd7 14. Be3
fxe5 15. dxe5 g5 16. Bd3 gxf4 17. Qh5 Nf5 18. Bxf4 Be8 19. Qh3 Bg6 20. Rf2
Qb6 21. Rf1 a6 22. b3 Rac8 23. Ne2 Rce8 24. Kh1 Qc7 25. Bxf5 Bxf5 26. Qe3
Bg6 27. h4 Qc2 28. Nc1 Qe4 29. Qg3 Rf5 30. Re2 Qb1 31. Kg1 Rh5 32. Bg5 Rf8
33. Bf6 Bh6 34. Qg4 Re8 35. Bg5 Bxg5 36. hxg5 Qa1 37. Qf4 Qc3 38. Ref2 Qc5
39. g4 Rh3 40. Ne2 Qe3 41. Qxe3 Rxe3 42. Nf4 Rxe5 43. Kh2 Rxg5 44. Kh3 Be4
45. Kh4 h6 46. Nh5 Rc8 47. Rf7 Bg6 48. Rg7+ Kh8 49. Rxb7 Bxh5 50. gxh5 Rg7
51. Rb6 Rc2 52. Kh3 Re2 53. Rf6 Re3+ 54. Kh2 Re2+ 55. Kh3 Re3+ 56. Kh2 Re2+
57. Kh3 Re3+ 1/2-1/2

[Event "FIDE World Rapid Team"]
[Site "London ENG"]
[Date "2025.06.13"]
[Round "12.6"]
[White "Camacho Collados, Marcos"]
[Black "Sokolovsky, Yahli"]
[Result "0-1"]
[WhiteElo "2365"]
[BlackElo "2367"]
[EventDate "2025.06.11"]
[Board "4"]

1. Nf3 Nf6 2. d4 g6 3. Bg5 Bg7 4. Nbd2 O-O 5. c3 d6 6. e4 c5 7. dxc5 dxc5
8. Bc4 Nc6 9. O-O Qc7 10. Re1 h6 11. Bh4 Nh5 12. a4 Bg4 13. Qc2 Rad8 14.
Bd5 Rd7 15. Re3 g5 16. Bg3 Nxg3 17. hxg3 Bh5 18. Nc4 Nb8 19. Na3 Bg6 20.
Nb5 Qa5 21. Bb3 a6 22. Na3 b5 23. Qe2 c4 24. Bc2 Rfd8 25. e5 Bd3 26. Qe1 e6
27. axb5 Bxc2 28. Nxc2 Qxa1 29. Nxa1 Rd1 30. bxa6 Nxa6 31. Nc2 Nc5 32. Na3
g4 33. Nd4 Rxe1+ 34. Rxe1 Nd3 35. Nc6 Ra8 36. Re4 Nxb2 37. Nxc4 Ra1+ 38.
Kh2 Nd3 39. Re2 Rf1 40. Ne3 Rxf2 41. Rxf2 Nxf2 42. c4 h5 43. Nb4 Bxe5 44.
c5 Ne4 45. c6 Bxg3+ 46. Kh1 Nc5 47. Nc4 Kf8 48. Nc2 Na6 49. Kg1 Ke7 50. Kf1
Kd8 51. Nd2 Nc5 52. Nd4 Kc7 53. Nc4 Nd3 54. Ke2 Nb4 55. Na5 Kb6 56. Nab3
Nxc6 57. Ke3 Nxd4 58. Nxd4 Kc5 59. Ke4 Kd6 60. Nb5+ Ke7 61. Nd4 Kf6 62. Ne2
Bd6 63. Ke3 Kg5 64. Kf2 f5 65. Kg1 e5 66. Nc3 Bc5+ 67. Kh2 e4 68. g3 h4 0-1

[Event "FIDE World Rapid Team"]
[Site "London ENG"]
[Date "2025.06.13"]
[Round "12.6"]
[White "Efroimski, Marsel"]
[Black "Khotenashvili, Bella"]
[Result "0-1"]
[WhiteElo "2337"]
[BlackElo "2349"]
[EventDate "2025.06.11"]
[Board "5"]

1. e4 c6 2. d4 g6 3. Nc3 Bg7 4. Be3 d5 5. e5 Nh6 6. Qd2 Nf5 7. Bf4 h5 8.
Nf3 a5 9. h3 Na6 10. a3 Nc7 11. Bd3 Ne6 12. Bxf5 gxf5 13. Be3 h4 14. Ne2
Bf8 15. Nf4 Nxf4 16. Bxf4 e6 17. Bg5 Be7 18. Bxe7 Qxe7 19. Qg5 b6 20. Qxe7+
Kxe7 21. Ng5 f4 22. Nf3 Ba6 23. Nh2 c5 24. O-O-O Rhg8 25. Rhg1 Be2 26. Rde1
Bh5 27. f3 Rg3 28. dxc5 bxc5 29. Ng4 Bxg4 30. fxg4 f3 31. gxf3 Rxf3 32.
Ref1 Rxh3 33. Rf6 Rg8 34. Rgf1 Rg7 35. g5 Rg3 36. Rh6 R3xg5 37. Rxh4 Rxe5
38. Ra4 Re2 39. Rxa5 Kd6 40. Kd1 Rgg2 41. Rxf7 Rd2+ 42. Ke1 Rxc2 43. Ra6+
Ke5 44. Kf1 Rgd2 45. Ke1 Rh2 46. Kd1 Rxb2 47. Kc1 Rbf2 48. Rxf2 Rxf2 49. a4
c4 50. a5 c3 51. Rc6 d4 52. Kb1 Kd5 53. Rc8 Rb2+ 54. Ka1 Rb5 55. Ra8 c2 0-1